Az átalakulás számviteli kérdései, a végrehajtandó feladatok egy adott vállalkozás beolvadása során

Bibliographic Details
Main Author: Cseri Emília Márta
Other Authors: Sisa Dr. Krisztina
Format: Thesis
Kulcsszavak:Átalakulás
beolvadás
határon átnyúló
Online Access:http://dolgozattar.uni-bge.hu/9157

MARC

LEADER 00000nta a2200000 i 4500
001 dolg9157
005 20161216160943.0
008 161216suuuu hu om 000 hun d
040 |a BGE Dolgozattár Repozitórium  |b hun 
041 |a hu 
100 1 |a Cseri Emília Márta 
245 1 3 |a Az átalakulás számviteli kérdései, a végrehajtandó feladatok egy adott vállalkozás beolvadása során  |c Cseri Emília Márta  |h [elektronikus dokumentum] 
695 |a Átalakulás 
695 |a beolvadás 
695 |a határon átnyúló 
700 1 |a Sisa Dr. Krisztina  |e ths 
856 4 0 |u http://dolgozattar.uni-bge.hu/9157/1/Szakdolgozat_Cseri_Em%C3%ADlia_BA.pdf  |z Dokumentum-elérés 
856 4 0 |u http://dolgozattar.uni-bge.hu/9157/2/Titkos%C3%ADt%C3%A1s_Cseri_Em%C3%ADlia.pdf  |z Dokumentum-elérés